[Event "Birkerod weekend EMT 9th"]
[Site "Birkerod"]
[Date "1999.03.13"]
[Round "2"]
[White "Nilsson, John Arni"]
[Black "Schmidt, Tommy B"]
[Result "1-0"]
[WhiteElo "2500"]
[BlackElo "2056"]
[PlyCount "73"]
[EventDate "1999.??.??"]
[EventType "swiss (rapid)"]
[EventRounds "5"]
[EventCountry "DEN"]
[SourceTitle "EXT 2005"]
[Source "ChessBase"]
[SourceDate "2004.11.15"]
[SourceVersion "1"]
[SourceVersionDate "2004.11.15"]
[SourceQuality "1"]

1. d4 Nf6 2. c4 g6 3. Nc3 Bg7 4. e4 d6 5. Be2 0-0 6. Nf3 e5 7. 0-0 Nc6 8. d5 Ne7 9. b4 a5 10. Ba3 axb4 11. Bxb4 b6 12. a4 Ne8 13. Qb3 Rb8 14. Nb5 f5 15. a5 fxe4 16. Nd2 bxa5 17. Bxa5 Nf5 18. Nxe4 Qh4 19. Qd3 Rb7 20. Rab1 Bd7 21. Rfe1 c5 22. dxc6 Bxc6 23. Bf3 d5 24. cxd5 Bxb5 25. Rxb5 Rxb5 26. Qxb5 Nd4 27. Qd3 Nxf3+ 28. gxf3 Qh3 29. d6 Nf6 30. Nxf6+ Bxf6 31. d7 Qh5 32. Re4 Qg5+ 33. Rg4 Qc1+ 34. Kg2 Bd8 35. Qd5+ Kg7 36. Bxd8 Rxd8 37. Qxe5+ 1-0